000 00894nam a2200265 a 4500
001 46270
003 BD-RjUL
005 20211209054129.0
008 160801s1969 enk b 001 0 eng
020 _a0192850318
035 _a(BD-RjUL)46388
040 _aDLC
_cDLC
_dm.c
_beng
041 _aeng
082 _a320.959
_bLYW 1969
100 1 _aLyon, Peter,
_d1934-
_9141315
245 1 0 _aWar and peace in South-East Asia /
_cPeter Lyon.
260 _aLondon :
_bOxford University Press,
_c1969.
300 _axii, 244 p. ;
_c20 cm.
500 _a"Issued under the auspices of the Royal Institute of International Affairs".
504 _aBibliography: p. 231-238. - Includes index.
650 0 _aWorld politics
_y20th century.
_9117398
651 0 _aSoutheast Asia
_xPolitics and government
_y1945-
_9117841
710 2 _aRoyal Institute of International Affairs.
_9141316
942 _2ddc
_cBK
999 _c46270
_d46270